| 000 | 00673nam a2200193 a 4500 | ||
|---|---|---|---|
| 001 | 000322316 | ||
| 003 | AM-YeHGA | ||
| 005 | 20250618072034.0 | ||
| 008 | 040329s1861 it r 000 0 arm d | ||
| 040 | _aAM-YeHGA | ||
| 041 | 0 | _aarm | |
| 245 | 1 | 0 |
_aԼուդովիկոս ԺԶ / : _bԱղէտք թագաւորական ընտանեաց / _cՀ. Գրիգոր Վ. Ճէլալ. |
| 260 |
_aՎենետիկ : _bՍ. Ղազար, _c1861. |
||
| 300 |
_a304 էջ : _b2 ներդ. թ. լուսանկ. ; _c18 սմ. |
||
| 500 | _aՆաև՝ Ճէլալեան Գրիգոր | ||
| 600 | 0 | 4 | _aԼյուդովիկոս ԺԶ |
| 650 | 1 | 4 |
_aՊատմություն _zՖրանսիա _94646 |
| 090 | _c121265 | ||
| 999 |
_c119914 _d119914 |
||